Стоманобетон и масивни конструкции (Запис номер 57282)
[ съкратено ]
| 000 -Лидер | |
|---|---|
| Контролно поле с фиксирана дължина | 01551nam a2200337 c 4500 |
| 003 - Код на организацията, давaща контролен номер | |
| Контролно поле | BLK |
| 005 - Дата и час на последна редакция | |
| Контролно поле | 20221025172852.0 |
| 008 - Елементи от данни с фиксирана дължина | |
| fixed length control field | 180408b bul|||||r ||||||| ||bul|| |
| 010 ## - Наследен системен номер | |
| LC control number | KNG00061277000 |
| 040 ## - Източник на каталожния запис | |
| Идентификатор на билиотеката - собственик на записа | BLK |
| 041 ## - Код за език | |
| Код за езика на текст/звукозапис или на отделно заглавие | Български |
| Код за езика КДБФ | Български |
| 080 ## - УДК | |
| Текстов определител УДК | Конструкции от естествени и изкуствени каменни материали - камък, тухли, бетон, стоманобетон, строителна керамика |
| УДК код - определител по УДК | 624.012 |
| УДК определител | (075.8) |
| УДК - код + определител | 624.012(075.8) |
| 080 ## - УДК | |
| Текстов определител УДК | Стоманобетонни работи |
| УДК код - определител по УДК | 693.55 |
| УДК определител | (075.8) |
| УДК - код + определител | 693.55(075.8) |
| 100 1# - Редна дума - Автор | |
| Автор | Игнатиев, Никола Димитров |
| Авторска отговорност | първи автор |
| R(LIN) | 369473 |
| 139 ## - Редно поле | |
| Редна дума | Игнатиев, Никола Д. |
| Авторски знак | Игн - И 29 |
| 245 10 - Сведения за заглавието | |
| Заглавие | Стоманобетон и масивни конструкции |
| Подзаглавни данни | Учебник за студентите от ВИСИ |
| Редно поле (дума) | Никола Димитров Игнатиев. |
| 257 ## - Страна на издаване | |
| Страна на създаване/издаване | България |
| 260 ## - Област на издателските данни | |
| Място на издаване, разпространение и проч. | София |
| Име на издателя, разпространителя и проч. | Техника |
| Година на издаване | 1976 |
| 300 ## - Физическа характеристика | |
| Страници | 524 с. |
| Илюстрации и др. | с черт. |
| Размери/Мащаб | 25 см |
| 380 ## - Жанр | |
| Жанр | Техника |
| 500 ## - Общи забележки | |
| Забележка | Библиогр. с. 517-520. |
| 504 ## - Забележка за наличие на библиография и др | |
| Забележка за наличие на библиография и под. | 517-520 |
| 650 #4 - Допълнително описание по предмет – тема | |
| Основно описание – тема или топоним | Стоманобетон - учебници за ВУЗ |
| 9 (RLIN) | 287495 |
| 650 #4 - Допълнително описание по предмет – тема | |
| Основно описание – тема или топоним | Стоманобетонни конструкции - учебници за ВУЗ |
| 9 (RLIN) | 249213 |
| 653 ## - Ключова дума – ненормативна | |
| Ключова дума | стоманобетонни конструкции |
| 852 ## - Местоположение | |
| Форматна сигнатура | Цб 84115 |
| 856 4# - Електронен адрес и достъп | |
| Електронен формат | pdf - файл |
| Инструкция (цена за достъп) | 0.00 |
| Права за достъп | disable |
| 856 4# - Електронен адрес и достъп | |
| Електронен формат | pdf - файл |
| Инструкция (цена за достъп) | 0.00 |
| Права за достъп | disable |
| 999 ## - СИСТЕМНИ КОНТРОЛНИ НОМЕРА | |
| Koha biblionumber | 57282 |
| Koha biblioitemnumber | 57282 |
| 942 ## - АРТИКУЛИ | |
| Вид на библиотечния материал | Книги |
| Скрит в OPAC | Не |
| Периодичен библиозапис | Да |
| 944 ## - СЪЗДАВАНЕ И РЕДАКЦИЯ на ЗАПИСА | |
| Създаване/Редакция | Създаване |
| Дата на регистрацията/редакция | 13.06.2004 |
| Служител, извършил регистрацията/редакцията | Наталия_Медовщикова |
| 944 ## - СЪЗДАВАНЕ И РЕДАКЦИЯ на ЗАПИСА | |
| Създаване/Редакция | Редакция |
| Дата на регистрацията/редакция | 20.06.2016 |
| Служител, извършил регистрацията/редакцията | Нора_Радева |
| 944 ## - СЪЗДАВАНЕ И РЕДАКЦИЯ на ЗАПИСА | |
| Създаване/Редакция | Редакция |
| Дата на регистрацията/редакция | 2022-10-25 |
| Служител, извършил регистрацията/редакцията | Христина Везирева |
| 999 ## - СИСТЕМНИ КОНТРОЛНИ НОМЕРА | |
| Koha biblioitemnumber | 57282 |
| Код за отписване | Код за изгубен артикул | Източник на класификационната схема | Код за повреда | Коз за рестрикции | Код за отдаване | Артикулен № | Име на библиотеката - собственик | Име на библиотеката, в която се намира в момента | Статус (Текущо местоположение) | Дата на вписване в системата | Местоположение - отдел | Цена в лева | Инвентарен номер | Систематично азбучна сигнатура | Баркод | Номер на екземпляра | Цена в евро | Служебна бележка | Служебен тип на артикула | Бележка за публиката |
|---|---|---|---|---|---|---|---|---|---|---|---|---|---|---|---|---|---|---|---|---|
| Не е изгубен | Universal Decimal Classification | Не е повреден | без рестрикции | ползва се в читалня | 92502 | Регионална библиотека "Любен Каравелов" Русе | Регионална библиотека "Любен Каравелов" Русе | Читалня | 1993-01-01 | Читалня | 2.45 | 220901 | Ч 624/И29Н | 120000220901 | 1 | 1.25 | Дост: Pk Вид: Ф N: стар фонд Дата: 01.01.1976 Дата инв: 24.03.2017 Бележки инв: Ч2017 | Книги | ||
| Изтеглен | Не е изгубен | Universal Decimal Classification | Не е повреден | без рестрикции | заемане за дома | 92503 | Регионална библиотека "Любен Каравелов" Русе | Регионална библиотека "Любен Каравелов" Русе | ROBG-290 Писмените съкровища на Долен Дунав | 1976-01-01 | Заемна - подръчен фонд | 2.45 | 220898 | П 624.012/И 29 Н | 120000220898 | 2 | 1.25 | Дост: Pk Вид: Ф N: стар фонд Дата: 01.01.1976 | Книги | Отч.N: 30/2018 , Дата: 28.03.2018 |
| Не е изгубен | Universal Decimal Classification | Не е повреден | без рестрикции | заемане за дома | 92504 | Регионална библиотека "Любен Каравелов" Русе | Регионална библиотека "Любен Каравелов" Русе | Заемна - подръчен фонд | 1976-01-01 | Заемна - подръчен фонд | 2.50 | 641992 | П 624.012/И 29 Н | 120000641992 | 3 | 1.28 | Дост: DA Вид: А N: стар фонд Дата: 01.01.1976 Дата инв: 06.02.2018 Бележки инв: П2018 | Книги | ||
| Не е изгубен | Universal Decimal Classification | Не е повреден | без рестрикции | ползва се в читалня | 92505 | Регионална библиотека "Любен Каравелов" Русе | Регионална библиотека "Любен Каравелов" Русе | Хранилище | 1976-01-01 | Хранилище | 2.45 | 220015 | Цб 84115 | 120000220015 | 4 | 1.25 | Дост: Dp Вид: Д N: стар фонд Дата: 01.01.1976 | Книги |